000
00338 a2200169 4500
001
182838
020
_a
85-98559-43-1
040
_c
Magnum
100
_a
Coelho, Paulo
240
1
0
_a
As Valkírias
_l
por
245
1
0
_a
As Valkírias
300
_a
191
362
0
_a
2000
440
1
_a
Gold
697
_a
LITERATURA GERAL
942
_c
BK
999
_c
182838
_d
182838